| 000 | 00575nam a2200169 a 4500 | ||
|---|---|---|---|
| 005 | 20210223121021.0 | ||
| 008 | 991125s1943 mx 000 0 spa u | ||
| 035 | _aUPN01000010837 | ||
| 049 | _aCG | ||
| 050 | 4 |
_aLA426 _bS6.2 |
|
| 110 | 2 | _aSociedad de Directores de Escuelas Secundarias (México) | |
| 245 | 1 | 0 |
_aConferencias de la Sociedad de Directores de Escuelas Secundarias / _cSociedad de Directores de Escuelas Secundarias. |
| 260 |
_aMéxico : _b[s.n.], _c1943. |
||
| 300 | _a297 p. | ||
| 650 | 4 |
_aEDUCACION SECUNDARIA - _zMEXICO - _vCONGRESOS _919352 |
|
| 905 | _aLibro | ||
| 999 |
_c10837 _d10837 |
||